00701nam a2200205Ia 4500001000700000003000500007008004100012010001100053020002200064040000900086082001900095100003400114245012800148250001000276260004200286300006200328503000800390600005900398650003800457Z_5553CHAP220113s2006 xx 000 0 und d a168647 a978-970-10-5753-7 cCHAP a300.18 H4 2006 aHernández Sampieri, Roberto aMetodología de la investigación /cpor Roberto Hernández Sampieri, Carlos Fernández Collado y Pilar Baptista Lucio a4 ed. aMéxico, D.F. :bMcGraw-Hill,c2006 a850 p. : bilus. ; gráfs. ; cuadros; + 1 disco compacto ac/e aI.Fernández Collado, Carlos II.Baptista Lucio, Pilar aI. InvestigaciónxMetodología